Los nuevos trabajadores en América Latina (Registro nro. 16365)
[ vista simple ]
| 000 -LEADER | |
|---|---|
| fixed length control field | 00368 a2200121 4500 |
| 001 - CONTROL NUMBER | |
| control field | ART_3411 |
| 005 - DATE AND TIME OF LATEST TRANSACTION | |
| control field | 20260410161714.0 |
| 008 - FIXED-LENGTH DATA ELEMENTS--GENERAL INFORMATION | |
| fixed length control field | 260409a |
| 100 1# - MAIN ENTRY--PERSONAL NAME | |
| Personal name | Torre, Juan Carlos |
| 245 10 - TITLE STATEMENT | |
| Title | Los nuevos trabajadores en América Latina |
| 700 1# - ADDED ENTRY--PERSONAL NAME | |
| Personal name | Jelin, Elizabeth |
| 773 0# - HOST ITEM ENTRY | |
| Title | Desarrollo económico |
| Related parts | - Vol. 22, Nº 85 (abr./jun. 1982) |
| Record control number | REV1174 |
No hay ítems disponibles.